Marco Polo and the discovery of the world / (Record no. 13789)

000 -LEADER
fixed length control field 01257cam a22003134a 4500
001 - CONTROL NUMBER
control field 3103228
005 - DATE AND TIME OF LATEST TRANSACTION
control field 20170105102839.0
008 - FIXED-LENGTH DATA ELEMENTS--GENERAL INFORMATION
fixed length control field 990308s1999 ctuab b 001 0deng
010 ## - LIBRARY OF CONGRESS CONTROL NUMBER
LC control number 99024887
020 ## - INTERNATIONAL STANDARD BOOK NUMBER
International Standard Book Number 0300079710 (cloth : alk. paper)
040 ## - CATALOGING SOURCE
Original cataloging agency DLC
Transcribing agency DLC
Modifying agency DLC
042 ## - AUTHENTICATION CODE
Authentication code pcc
043 ## - GEOGRAPHIC AREA CODE
Geographic area code a------
050 00 - LIBRARY OF CONGRESS CALL NUMBER
Classification number G370.P9
Item number L27 1999
082 00 - DEWEY DECIMAL CLASSIFICATION NUMBER
Classification number 915.042
Edition number 21
100 1# - MAIN ENTRY--PERSONAL NAME
Personal name Larner, John,
Dates associated with a name 1930-2008.
245 10 - TITLE STATEMENT
Title Marco Polo and the discovery of the world /
Statement of responsibility, etc. by John Larner.
260 ## - PUBLICATION, DISTRIBUTION, ETC.
Place of publication, distribution, etc. New Haven :
Name of publisher, distributor, etc. Yale University Press,
Date of publication, distribution, etc. c1999.
300 ## - PHYSICAL DESCRIPTION
Extent xiii, 250 p. :
Other physical details ill. (some col.), col. maps ;
Dimensions 25 cm.
504 ## - BIBLIOGRAPHY, ETC. NOTE
Bibliography, etc. note Includes bibliographical references (p. [224]-242).
600 10 - SUBJECT ADDED ENTRY--PERSONAL NAME
Personal name Polo, Marco,
Dates associated with a name 1254-1323?
Title of a work Travels of Marco Polo.
650 #0 - SUBJECT ADDED ENTRY--TOPICAL TERM
Topical term or geographic name entry element Voyages and travels.
650 #0 - SUBJECT ADDED ENTRY--TOPICAL TERM
Topical term or geographic name entry element Travel, Medieval.
651 #0 - SUBJECT ADDED ENTRY--GEOGRAPHIC NAME
Geographic name Asia
General subdivision Description and travel
Form subdivision Early works to 1800.
906 ## - LOCAL DATA ELEMENT F, LDF (RLIN)
a 7
b cbc
c orignew
d 1
e ocip
f 19
g y-gencatlg
942 ## - ADDED ENTRY ELEMENTS (KOHA)
Source of classification or shelving scheme
Koha item type Book
Holdings
Withdrawn status Lost status Damaged status Not for loan Collection code Permanent Location Current Location Shelving location Date acquired Total Checkouts Full call number Barcode Date last seen Price effective from Koha item type
          Centre for International Peace & Stability (CIPS) Centre for International Peace & Stability (CIPS) General Stacks 08/02/2013   915.042 LAR 1999 CIPS0000079 08/02/2013 08/02/2013 Book
© 2023 Central Library, National University of Sciences and Technology. All Rights Reserved.